Дело о выдаче денег парикмахерам за сделание париков

Доступно только в Электронных читальных залах Найти на картеНа карте
RUSMARC
00003880nmc2a22000003x 450
001016f73e9-8d8a-479a-be18-b9dcabc603b0
00520181005115820.0
100##$a20161215l18171817k l0rusy0189 ca
1010#$arus
102##$aRU
2001#$aДело о выдаче денег парикмахерам за сделание париков
$j8 января - 22 декабря 1817 г.
251##$cДело
300##$aДело
300##$aОриг. заголовок дела: Дело о сделании париков. 8 января 1817 г. - 22 декабря 1817 г
801#0$aRU
$bРГИА
$c20161215
$gRCR
801#1$aRU
$bГлавНИВЦ
$c20161215
$2rusmarc
801#2$aRU
$bПБ им. Б.Н. Ельцина
$c20181005
$gRCR
$2rusmarc
850##$aРГИА
852##$aРГИА
$eФедеральное казенное учреждение "Российский государственный исторический архив" (РГИА)
$j1633
937##$hРГИА
$d12236631
$aASBIBLIO_SCAN
462#0$1001dd3991dc-24e1-42ec-8838-ca4255420416
$12001
$a1746-1850 гг.
$1251
$cОпись
$1852
$j1
461#0$10019264ebf8-de62-4f1a-9eb4-9f22098dbbd5
$12001
$aДирекция императорских театров МИДв
$1251
$cФонд
$1852
$j497
215##$a15 л.
$d36,5х26 см
371##$aДокумент не является опубликованным и широко распространяемым
105##$ay###
1222#$ad
5171#$aДело о сделании париков. 8 января 1817 г. - 22 декабря 1817 г
035##$a016f73e9-8d8a-479a-be18-b9dcabc603b0
856##$uhttp://readingroom.main.prlib.ru/item.aspx?id_node=n118955624&mode=full
Формат отображения